000 01057nam a22003257a 4500
003 CHAP
005 20220329134515.0
008 971013s1994 r 00010 d
010 _a21340
011 _a22312
035 _a26406
040 _cCHAP
090 _aTesis
100 0 0 _aCarrasco Frizzi, Lucio Arturo.
_919345
245 _aMinimización de costos de transporte de la col [Brassica olerace capitata L.]
260 _aChapingo, Méx. :
_bEl autor,
_c1994
300 _a59 h.
502 _aTesis [Ing. Agr. Esp. en Economía Agrícola] -- UACH. Departamento de Economía Agrícola
590 _aALEPH
_b10
_c20130110
_lUCH01
_h1245
590 _aBATCH-UPD
_b10
_c20130110
_lUCH01
_h2143
590 _aCONVERSION
_b10
_c20130109
_lUCH01
_h1313
650 1 4 _aCol
_xConsumo.
_924482
650 1 4 _aCol
_xMercadeo.
_924492
650 1 4 _aCol
_xRendimiento.
_924497
650 1 4 _aCol
_xTransporte.
_924499
901 _aBK
942 _cFOLL
949 _bBC
_cTES
_d-60893
_eTS1
_h27196
_i26406
_si
949 _bBC
_cTES
_d-60894
_eTS2
_fc.2
_h27197
_i26406
_si
999 _c21340
_d21340